Marginales sobre la pobreza y la obediencia

Saved in:
Bibliographic Details
Main Author: Rahner, Karl (Author)
Format: Book
Language:Spanish
Published: Madrid Taurus 1966
Edition:2a. ed
Subjects:
Tags: Add Tag
No Tags, Be the first to tag this record!

MARC

LEADER 00000nam a2200000 a 4500
001 UCY9281
003 CL-VaPUC
008 950713e19660000SP |||||||||||||||||spa|d
082 0 4 |a 234.6  |b RAH  |2 21 
100 0 |a Rahner, Karl  |e author  |9 314306 
245 1 0 |a Marginales sobre la pobreza y la obediencia 
250 |a 2a. ed 
300 |a 124 p 
942 |c BK 
945 |d 19950713 00:00:00  |a aalvarez 
260 |a Madrid  |b Taurus  |c 1966 
650 0 |a Pobreza  |9 258652 
650 0 |a Voto de obediencia  |9 341357 
583 |a last modification  |c 19950713 00:00:00  |k Rodrigo Vera 
999 |c 236405  |d 236403 
952 |0 0  |1 0  |4 0  |6 234_600000000000000_RAH_1966  |7 0  |8 A  |9 244473  |a BIBTEO  |b BIBTEO  |d 2019-11-18  |i 3104818  |o 234.6 RAH 1966  |p 3104818  |r 2025-01-17  |w 2019-11-18  |y BK  |k ICR